00410nam a2200181Ia 4500003000400000005001700004008004100021020001400062040000700076041000800083082001600091100002000107245003000127250000600157260003600163300001500199365001400214OSt20230330143404.0210423s2005 xx 000 0 und d a240519620 cAL aeng a778.53 WHEP aWHEELER (Paul). aPractical cinematography. a2 aAmsterdambElsevier Indiac2005 axv,205bPB b2108cINR